000 00666nam a2200229 a 4500
001 13885
003 BD-JhCC
005 20240512081317.0
008 171001s19952020bg |||| ||a| 000 f ben d
020 _a9789849310037
035 _a(BD-JhCC)13885
040 _aBD-JhCC
_dBD-JhCC
041 _aben
082 _a 891.443
_bAHM 2020
100 _aআহমেদ, হুমায়ূন
245 _aগৌরীপুর জংশন /
_cহুমায়ূন আহমেদ
260 _aঢাকা :
_bকাকলীপ্রকাশনী;
_c2020.
300 _a56p. ;
_c22 cm.
650 _aBangali Novel
942 _2ddc
_cBK
999 _c13885
_d13885